2005 NHL Entry Draft 1st Round Selections - Statistics

General Stats
  • This quiz has been taken 141 times
  • The average score is 7 of 30
Answer Stats
Pick Player Junior Team NHL Team % Correct
1 Sidney Crosby Rimouski Océanic Pittsburgh Penguins
100%
2 Bobby Ryan Owen Sound Attack Anaheim Mighty Ducks
72%
5 Carey Price Tri-City Americans Montreal Canadiens
71%
12 Marc Staal Sudbury Wolves NY Rangers
51%
3 Jack Johnson USNTDP Carolina Hurricanes
47%
11 Anze Kopitar Sodertalje SK LA Kings
37%
4 Benoit Pouliot Sudbury Wolves Minnesota Wild
34%
6 Gilbert Brule Vancouver Giants Columbus Blue Jackets
25%
21 Tuukka Rask Ilves Toronto Maple Leafs
24%
10 Luc Bourdon Val-d'Or Foreurs Vancouver Canucks
19%
9 Brian Lee Moorhead High School Ottawa Senators
18%
24 TJ Oshie Warroad High School St Louis Blues
18%
8 Devin Setoguchi Saskatoon Blades SJ Sharks
16%
25 Andrew Cogliano St. Michael's Buzzers Edmonton Oilers
15%
7 Jack Skille USNTDP Chicago Blackhawks
11%
13 Marek Zagrapan Chicoutimi Sagueneens Buffalo Sabres
11%
17 Martin Hanzal Ceske Budejovice Arizona Coyotes
11%
29 Steve Downie Windsor Spitfires Philadelphia Flyers
10%
16 Alex Bourret Lewiston Maineiacs Atlanta Thrashers
9%
27 Joe Finley Sioux Falls Stampede Washington Capitals
9%
26 Matt Pelech Sarnia Sting Calgary Flames
9%
15 Ryan O'Marra Erie Otters NY Islanders
9%
20 Kenndal McArdle Moose Jaw Warriors Florida Panthers
8%
28 Matt Niskanen Virginia High School Dallas Stars
8%
23 Nicklas Bergfors Sodertälje SK NJ Devils
8%
14 Sasha Pokulok Cornell University Washington Capitals
8%
30 Vladimir Mihalik HC Presov II TB Lightning
8%
19 Jakub Kindl Kitchener Rangers Detroit Red Wings
6%
22 Matt Lashoff Kitchener Rangers Boston Bruins
6%
18 Ryan Parent Guelph Storm Nashville Predators
6%
No matching quizzes found
Score Distribution
Percent of People with Each Score
Percentile by Number Answered
Your Score History
You have not taken this quiz